Why is green the colour of the future? A financial and environmental analysis of Accor’s Planet 21 Initiative.

Bibliographic Details
Main Author: Asztalos Tamás
Other Authors: Garán Éva
Format: Thesis
Kulcsszavak:Accor
Planet 21
Sustainable development
Environmental analysis
Hotel's footprint
Online Access:http://dolgozattar.uni-bge.hu/2299

MARC

LEADER 00000nta a2200000 i 4500
001 dolg2299
005 20150714091610.0
008 150506suuuu hu om 000 eng d
040 |a BGE Dolgozattár Repozitórium  |b hun 
041 |a en 
100 1 |a Asztalos Tamás 
245 1 0 |a Why is green the colour of the future? A financial and environmental analysis of Accor’s Planet 21 Initiative.  |c Asztalos Tamás  |h [elektronikus dokumentum] 
246 1 1
695 |a Accor 
695 |a Planet 21 
695 |a Sustainable development 
695 |a Environmental analysis 
695 |a Hotel's footprint  
700 1 |a Garán Éva  |e ths 
856 4 0 |u http://dolgozattar.uni-bge.hu/2299/1/Dissertation%20-%20Asztalos%20Tam%C3%A1s.pdf  |z Dokumentum-elérés